000 00476cam a22001931 4500
001 sa 67000067
003 DLC
005 20260227112311.0
008 070723q19601967xx a 000 p hin
010 _asa 67000067
040 _aDLC
_cDLC
_dDLC
050 0 0 _aPK2098.V863
_bS3
100 1 _aVyāsa, Gopālaprasāda,
_d1916-
245 1 0 _aSalavāra calī, salavāra calī.
260 _c196-
300 _a110 p.
_billus.
_c17 cm.
500 _aIn Hindi.
500 _aPoems.
999 _c71734
_d71734